Tendence vývoje vysokého školství v západní Evropě.
Charakteristika etáp rozvoja vysokého školstva pred a po r. 1975. Zmena podmienok prístupu k vysokoškolskému štúdiu. Vznik nového typu vysokoškolských inštitúcií a dôraz na ich kvalitu. Diverzifikácia vysokoškolských systémov. Medzinárodná spolupráca v oblasti vysokého školstva.
Gespeichert in:
| 1. Verfasser: | |
|---|---|
| Format: | Buchkapitel |
| Sprache: | Tschechisch |
| Schlagworte: | |
| Tags: |
Keine Tags, Fügen Sie das erste Tag hinzu!
|
MARC
| LEADER | 00000naa a2200000 4500 | ||
|---|---|---|---|
| 001 | r003129 | ||
| 005 | 20220819175926.7 | ||
| 041 | 0 | |a cze | |
| 044 | |a [CS] | ||
| 245 | 1 | 0 | |a Tendence vývoje vysokého školství v západní Evropě. |c L. Čerych |
| 520 | |a Charakteristika etáp rozvoja vysokého školstva pred a po r. 1975. Zmena podmienok prístupu k vysokoškolskému štúdiu. Vznik nového typu vysokoškolských inštitúcií a dôraz na ich kvalitu. Diverzifikácia vysokoškolských systémov. Medzinárodná spolupráca v oblasti vysokého školstva. | ||
| 610 | 2 | 0 | |a školy vysoké |
| 610 | 2 | 0 | |a vzdelanie vysokoškolské |
| 610 | 2 | 0 | |a západná Európa |
| 610 | 2 | 0 | |a štúdium vysokoškolské |
| 610 | 2 | 0 | |a spolupráca vedecká |
| 100 | 1 | |a Čerych, Ladislav | |